[Event "Bled/Rogaska Slatina"]
[Site "Bled"]
[Date "1991.??.??"]
[Round "4"]
[White "Bareev, Evgeny"]
[Black "Gostisa, Leon F"]
[Result "1-0"]
[WhiteElo "2650"]
[BlackElo "2440"]
[Annotator "Schussler,H"]
[PlyCount "85"]
[EventDate "1991.06.??"]
[EventType "tourn"]
[EventRounds "13"]
[EventCountry "SLO"]
[EventCategory "12"]
[SourceTitle "CBM 024"]
[Source "ChessBase"]
[SourceDate "1991.10.01"]
[SourceVersion "1"]
[SourceVersionDate "1991.10.01"]
[SourceQuality "1"]

1. d4 Nf6 2. c4 e6 3. Nf3 Bb4+ 4. Nbd2 {The three most common moves now are 4.
- 0-0, 4. - b6 and 4. - d5.} O-O (4... b6 5. a3 Bxd2+ 6. Bxd2 Bb7 7. Bf4 {
This interesting move was played by Khalifmann in CBM 24/game 584. White
doesn`t allow Black to get h6 and g5 in for free as he does with 7.Bg5. Even
if Khalifmann lost the game, he had some small edge after the opening.}) 5. a3
(5. e3 Re8 {Black preserves the B-pair, but gets a slightly cramped position.}
6. Qc2 Nc6 7. a3 Bf8 8. b4 $14 {CBM 24/game 281.}) 5... Bxd2+ (5... Be7 6. e4
d5 7. e5 Nfd7 8. Bd3 c5 9. Qe2 h6 {This tricky line was tried in CBM 24/game
468 but unfortunately White went astray with 15.Nf1 and lost quickly.}) 6. Bxd2
d6 7. Bg5 h6 8. Bh4 Nbd7 9. e3 e5 10. Be2 Qe7 11. Qc2 Re8 12. O-O Nf8 13. dxe5
dxe5 14. Bg3 Ng6 15. Nd2 $14 Bd7 16. c5 Bc6 17. b4 a6 18. h3 Rad8 19. Rfd1 Nd5
20. Bc4 Kh8 21. Nf3 Nf6 22. Rxd8 Rxd8 23. Rd1 Bxf3 24. Rxd8+ Qxd8 25. gxf3 Qd7
26. Qd3 Qxh3 27. Qd8+ Kh7 28. Qxc7 Nh4 29. Bxh4 Qxh4 30. Bf1 Qg5+ 31. Bg2 h5
32. Qxb7 h4 33. Qc8 $18 e4 34. Qh3 exf3 35. Qxf3 Qe5 36. Qf4 Qa1+ 37. Kh2 Qxa3
38. Qxh4+ Kg8 39. c6 Qc3 40. Qd4 Qc2 41. Qd8+ Kh7 42. c7 Ng4+ 43. Kh3 1-0

[Event "Kecskemet"]
[Site "Kecskemet"]
[Date "1990.??.??"]
[Round "4"]
[White "Karolyi, Tibor Jr"]
[Black "Reeh, Oliver"]
[Result "0-1"]
[WhiteElo "2440"]
[BlackElo "2425"]
[Annotator "Schussler,H"]
[PlyCount "48"]
[EventDate "1990.06.??"]
[EventType "tourn"]
[EventRounds "13"]
[EventCountry "HUN"]
[EventCategory "8"]
[SourceTitle "CBM 020"]
[Source "ChessBase"]
[SourceDate "1991.02.01"]
[SourceVersion "1"]
[SourceVersionDate "1991.02.01"]
[SourceQuality "1"]

1. d4 Nf6 2. c4 e6 3. Nf3 Bb4+ 4. Bd2 Qe7 5. Qc2 Bxd2+ 6. Nbxd2 d6 7. e4 e5 8.
Be2 O-O 9. O-O Bg4 10. d5 a5 11. b3 Na6 12. a3 Nh5 13. Rfe1 Nf4 14. Bf1 f5 15.
h3 Bxf3 16. Nxf3 fxe4 17. Nd2 Nc5 18. Nxe4 Nxe4 19. Qxe4 Qd7 20. Kh2 Rf6 21.
Re3 Raf8 22. Rf3 Qf7 23. Qe3 Qh5 24. Qa7 e4 {Black continues with 25. - Qe5!.}
0-1

[Event "Altensteig"]
[Site "Altensteig"]
[Date "1990.??.??"]
[Round "9"]
[White "Chernin, Alexander"]
[Black "Luther, Thomas"]
[Result "1-0"]
[WhiteElo "2600"]
[BlackElo "2385"]
[Annotator "Schussler,H"]
[PlyCount "67"]
[EventDate "1990.07.??"]
[EventType "tourn"]
[EventRounds "11"]
[EventCountry "GER"]
[EventCategory "9"]
[SourceTitle "CBM 020"]
[Source "ChessBase"]
[SourceDate "1991.02.01"]
[SourceVersion "1"]
[SourceVersionDate "1991.02.01"]
[SourceQuality "1"]

1. d4 e6 2. c4 Bb4+ 3. Bd2 a5 4. Nc3 {Logical. White simply ignores Black`s
last move and develops his pieces.} d6 5. Qc2 Nf6 6. Nf3 O-O 7. g3 Nc6 8. a3
Bxc3 9. Bxc3 a4 10. Bg2 Re8 11. Rd1 $1 $14 {Prevents 11. - e5.} d5 12. Ne5 Bd7
13. O-O Na5 14. Bd2 h6 15. Rfe1 Nb3 16. Bb4 b6 17. e4 c6 18. Bd6 Bc8 19. c5 Bb7
20. Qc3 bxc5 21. dxc5 Qa5 22. Qb4 Ra7 23. Re3 Ba8 24. exd5 cxd5 25. c6 Rc8 26.
Rc3 Ne8 27. Qxa5 Rxa5 28. Bb4 Ra6 29. f4 $5 $16 Bxc6 $2 $18 30. Bf1 Rb6 31.
Nxc6 Rbxc6 32. Rxc6 Rxc6 33. Bb5 Rc8 34. Bxa4 1-0

[Event "London WFW"]
[Site "London"]
[Date "1990.??.??"]
[Round "?"]
[White "Flear, Glenn C"]
[Black "Kosten, Anthony C"]
[Result "1/2-1/2"]
[WhiteElo "2470"]
[BlackElo "2485"]
[Annotator "Schussler,H"]
[PlyCount "26"]
[EventDate "1990.04.??"]
[EventType "tourn"]
[EventRounds "13"]
[EventCountry "ENG"]
[EventCategory "11"]
[SourceTitle "CBM 018"]
[Source "ChessBase"]
[SourceDate "1990.10.01"]
[SourceVersion "1"]
[SourceVersionDate "1990.10.01"]
[SourceQuality "1"]

1. d4 Nf6 2. c4 e6 3. Nf3 Bb4+ 4. Nbd2 d5 5. a3 Be7 6. Qc2 b6 7. e4 dxe4 8.
Nxe4 Bb7 9. Bd3 Nc6 10. Be3 Ng4 11. O-O-O $5 (11. O-O f5 12. Nc3 O-O 13. Rad1
Nxd4 $5 $13 {Jusupov,A-Spasskij,B, Barcelona (w-cup) 1989.}) 11... f5 12. Nc3
Nxe3 13. fxe3 Bg5 1/2-1/2

[Event "London WFW"]
[Site "London"]
[Date "1990.??.??"]
[Round "?"]
[White "Hebden, Mark"]
[Black "Kosten, Anthony C"]
[Result "1-0"]
[WhiteElo "2530"]
[BlackElo "2485"]
[Annotator "Schussler,H"]
[PlyCount "113"]
[EventDate "1990.04.??"]
[EventType "tourn"]
[EventRounds "13"]
[EventCountry "ENG"]
[EventCategory "11"]
[SourceTitle "CBM 018"]
[Source "ChessBase"]
[SourceDate "1990.10.01"]
[SourceVersion "1"]
[SourceVersionDate "1990.10.01"]
[SourceQuality "1"]

1. d4 Nf6 2. Nf3 e6 3. c4 Bb4+ 4. Bd2 c5 5. Bxb4 cxb4 6. g3 O-O 7. Bg2 d6 8.
O-O Nc6 9. Nbd2 Re8 10. Qc2 (10. e3 e5 11. dxe5 dxe5 $10 {Dzandzgava-Gelfand,
Soviet 1988.}) (10. Qb3 Qb6 11. e3 Bd7 12. Rac1 Na5 13. Qd3 Rac8 14. Rfd1 h6
$10 {Karolyi-Gelfand, Amsterdam 1988.}) 10... e5 11. d5 Nb8 12. Ng5 Na6 13. a3
h6 14. Nge4 Nxe4 15. Bxe4 Qb6 16. Rfc1 Bg4 17. c5 dxc5 18. Nc4 Qd8 19. d6 Rb8
20. axb4 Nxb4 21. Qd2 Bd7 22. Rxa7 Bc6 23. Qe3 Qg5 24. Rc3 Qxe3 25. Rxe3 Bxe4
26. Rxe4 Nc6 27. Ra1 b5 28. Na3 Red8 29. Rd1 Nd4 30. Rxe5 Rxd6 31. Kg2 Rc6 32.
e3 Ne6 33. f4 f6 34. Red5 Rcc8 35. h4 Kh7 36. Kf3 Rc7 37. Rd6 Nf8 38. Rd8 Rxd8
39. Rxd8 b4 40. Nc4 Kg8 41. Ke4 Kf7 42. Kd5 Ke7 43. Rd6 Nd7 44. Re6+ Kd8 45.
Ra6 Ke7 46. e4 h5 47. Ra8 Rb7 48. Kc6 Rb8 49. Ra7 Rc8+ 50. Kd5 Rb8 51. e5 Kd8
52. e6 Nb6+ 53. Nxb6 Rxb6 54. f5 b3 55. Kxc5 Rb8 56. Rxg7 Rc8+ 57. Kd6 1-0

[Event "Bahrain"]
[Site "Bahrain"]
[Date "1990.??.??"]
[Round "5"]
[White "Bellon Lopez, Juan Manuel"]
[Black "Nikolac, Juraj"]
[Result "1/2-1/2"]
[WhiteElo "2445"]
[BlackElo "2485"]
[Annotator "Schussler,H"]
[PlyCount "47"]
[EventDate "1990.??.??"]
[EventType "tourn"]
[EventRounds "11"]
[EventCountry "BAH"]
[EventCategory "7"]
[SourceTitle "CBM 020"]
[Source "ChessBase"]
[SourceDate "1991.02.01"]
[SourceVersion "1"]
[SourceVersionDate "1991.02.01"]
[SourceQuality "1"]

1. d4 Nf6 2. Nf3 e6 3. c4 Bb4+ 4. Nbd2 d5 5. Qa4+ Nc6 6. a3 Bd6 {Interesting.
Black prepares for e6-e5 and doesn`t worry about White`s c4-c5 as this would
give the push e6-e5 extra punch.} 7. e3 O-O 8. Qc2 e5 9. cxd5 Nxd5 10. Bc4 Nf6
11. dxe5 Nxe5 12. Nxe5 Bxe5 13. Nf3 Bd6 14. b3 Qe7 15. Bb2 Bg4 16. Nd4 Be5 17.
h3 Bd7 18. Rd1 c5 19. Ne6 {Forcing a draw.} Bxe6 20. Bxe5 Bxc4 21. Bxf6 Bxb3
22. Bxe7 Bxc2 23. Bxf8 Bxd1 24. Bxc5 1/2-1/2

[Event "Bundesliga 9293"]
[Site "Germany"]
[Date "1992.??.??"]
[Round "?.1"]
[White "Shirov, Alexei"]
[Black "Seul, Georg"]
[Result "0-1"]
[WhiteElo "2710"]
[BlackElo "2410"]
[Annotator "Seul,G"]
[PlyCount "96"]
[EventDate "1992.10.24"]
[EventType "team-tourn"]
[EventRounds "15"]
[EventCountry "GER"]
[SourceTitle "CBM 032"]
[Source "ChessBase"]
[SourceDate "1993.02.01"]
[SourceVersion "1"]
[SourceVersionDate "1993.02.01"]
[SourceQuality "1"]
[WhiteTeam "Hamburger SK"]
[BlackTeam "Koblenz"]
[WhiteTeamCountry "GER"]
[BlackTeamCountry "GER"]

1. d4 Nf6 2. c4 e6 3. Nf3 Bb4+ 4. Bd2 a5 5. g3 d6 6. Bg2 Nbd7 7. O-O e5 8. Bg5
exd4 9. Nxd4 O-O 10. a3 Bc5 11. Nc3 h6 12. Bf4 Ne5 13. Na4 $5 Ba7 (13... Qe7
$10 {Shirov; /\ 14.Nc5 dc5 15.Nb5 Rd8 16.Qc2 c6}) (13... Nxc4 $2 14. Rc1 (14.
Nxc5 dxc5 15. Nb5 $40) 14... Bxd4 15. Qxd4 d5 16. e4 $16) 14. Nb5 Bb8 15. c5
Ng6 (15... Qe8 $5) 16. Be3 (16. cxd6 c6 $5 (16... Nxf4 17. dxc7 (17. gxf4 $2 c6
) 17... Bxc7 18. gxf4 (18. Qxd8 $2 Nxe2+ $19) 18... Bxf4 19. Qxd8 Rxd8 20. Nb6
Rb8 $10) 17. Nc7 Nxf4 18. Nxa8 Nxg2 19. Kxg2 b5 $13 {x Na8}) 16... d5 17. Nbc3
(17. c6 $5 bxc6 18. Nd4 Ne7 19. Rc1 Bd7 $44) 17... c6 18. Nb6 Ra6 19. Bd4 (19.
Nxc8 Qxc8 20. Bd4 Be5 $10) 19... Bf5 20. b4 $6 (20. Re1 Re8 $6 (20... Ne4 $10)
21. Bxf6 Qxf6 22. e4 dxe4 23. Nxe4 $16) 20... axb4 21. axb4 Rxa1 22. Qxa1 Re8
23. Nd1 $6 (23. b5 $142 $15) 23... Bg4 $1 (23... Rxe2 $6 24. Ne3 $40 {x Re2}) (
23... Be5 24. Ne3 $10 {/\ 24...Be4? 25.f3}) 24. f3 (24. Bxf6 gxf6 25. e3 Bc7
26. Na4 (26. Qa7 Be2 27. Re1 Ba6 $17) 26... Ne5 $17) 24... Be6 25. Ne3 $2 (25.
Bxf6 gxf6 $17 {^^, xe3,Nb6}) 25... Nh5 $1 26. f4 (26. Qe1 Qg5 $40) (26. Ng4 Qc7
$40 {/\ f5}) 26... Ngxf4 $1 27. gxf4 Nxf4 28. Qe1 (28. Bxg7 $2 Nxe2+ 29. Kf2 (
29. Kh1 Qc7 $19) 29... d4 $19) (28. Be5 $5 Nxe2+ 29. Kh1 (29. Kf2 Qh4+ 30. Kxe2
Bxe5 $19) 29... Bxe5 30. Qxe5 Bg4 $1 31. Qd6 (31. Qxe8+ Qxe8 32. Nxg4 h5 33.
Nf2 Qe3 $19 {x b4,c5 ; /\ h5-h4, Nf4, h4-h3}) (31. Nxg4 Rxe5 32. Nxe5 Qh4 $19
33. Rb1 Ng3+ 34. Kg1 Qd4#) 31... Qxd6 32. cxd6 Rxe3 33. d7 Bxd7 34. Nxd7 Rb3
35. Re1 g6 $1 (35... Rxb4 $2 36. Rxe2 Rb1+ 37. Bf1 Rxf1+ 38. Kg2 $10 {/\ Re8,
Nf8}) 36. Bxd5 Re3 $19) 28... Qc7 (28... Qg5 29. Kh1 Nxg2 30. Nxg2 Bh3 31. Qf2
Qh5 32. e3 Re4 $19) 29. Rf2 $8 (29. Qf2 Nxe2+ 30. Qxe2 Qxh2+ 31. Kf2 Qh4+ $19)
29... Nh3+ $2 $138 (29... Bh3 30. Bf3 Re6 $40 {/\ Qe7,Rg6,Qg5/h4}) 30. Bxh3
Bxh3 31. Nf1 $2 $138 (31. Qc3 $1 {/\ N3d5,Qh3} Qe7 $1 (31... Re4 32. Bxg7 Qe7
33. Ng2 $1 $18) (31... Re6 32. Nexd5 Rg6+ 33. Kh1 $18) 32. Ng2 $1 (32. Nexd5 $2
Qh4 {/\ 33...Qg4+,Qe4+,Qb1+} 33. Ne3 Re6 34. Ng2 Rg6 35. Kh1 Qg4 $19) 32... Qe4
33. Qxh3 (33. Bxg7 Qb1+ 34. Rf1 (34. Ne1 Re3 $19) 34... Bxh2+ 35. Kxh2 Qxf1 36.
Kxh3 Rxe2 37. Qg3 Qh1+ 38. Qh2 Qxh2+ 39. Kxh2 Kxg7 $17) 33... Qxd4 34. Qf5 (34.
Qf3 f6 35. Nd7 Bc7 $13) 34... Rxe2 35. Qxf7+ Kh7 36. Qf5+ $10) 31... Re4 $19
32. e3 (32. Qc3 Rg4+ 33. Ng3 Qe7 $1 (33... h5 $6 34. Qe3 $132) 34. Kh1 Qh4 35.
Be5 (35. Nf5 Qg5) 35... Rxb4 (35... d4 $2 36. Qf3) 36. Bxb8 Rb1+ $19) 32... Qe7
{/\ Rd4; Rg4+, Qe4+} 33. Rf3 (33. Qb1 Rg4+ 34. Kh1 Qg5 $19) 33... Bg4 $2 (33...
Rg4+ 34. Ng3 Rxd4 $19) 34. Qf2 Bxf3 35. Qxf3 Qg5+ $19 36. Kf2 (36. Ng3 Be5 37.
Bxe5 (37. Kf2 Rh4) 37... Rxe3 $19) 36... Be5 37. Bxe5 (37. Ng3 Rh4 $19) 37...
Qxe5 38. Nd7 Qe6 39. Nb6 Rxb4 40. Ng3 Rb2+ (40... Qh3 $1) 41. Ne2 Rc2 42. Qf4
g5 43. Qa4 (43. Qf3 Qe5 44. Kg1 (44. Qg3 Qb2 45. Qf3 f5 $1 $19 {/\ g4}) 44...
d4 $1 $19) 43... Qf5+ 44. Ke1 Qd3 45. Qg4 Qxe3 46. Kf1 d4 47. Nd7 Rxe2 {
/\ 48.Qe2 Qh3+} 48. Nf6+ Kg7 0-1

[Event "Belgrade"]
[Site "Belgrade"]
[Date "1994.??.??"]
[Round "3"]
[White "Shipov, Sergei"]
[Black "Drasko, Milan"]
[Result "1-0"]
[WhiteElo "2525"]
[BlackElo "2545"]
[Annotator "Shipov,S"]
[PlyCount "117"]
[EventDate "1994.??.??"]
[EventType "tourn"]
[EventRounds "9"]
[EventCountry "YUG"]
[EventCategory "12"]
[SourceTitle "CBM 043"]
[Source "ChessBase"]
[SourceDate "1994.12.01"]
[SourceVersion "1"]
[SourceVersionDate "1994.12.01"]
[SourceQuality "1"]

1. d4 Nf6 2. c4 e6 3. Nf3 Bb4+ 4. Bd2 Qe7 5. g3 Nc6 6. Nc3 Bxc3 7. Bxc3 Ne4 8.
Qc2 Nxc3 9. Qxc3 O-O 10. Bg2 d6 11. d5 $5 (11. O-O e5 12. d5 Nd8 $5 (12... Nb8)
13. c5 (13. e4 $5) 13... f5 14. Rac1 Nf7 15. cxd6 cxd6 16. Qc7 Qf6 $132) 11...
Nb8 (11... Nd8 $5) 12. dxe6 (12. O-O exd5 $6 (12... e5) 13. cxd5 Qxe2 14. Qxc7
Qxb2 15. Qxd6 $16) 12... fxe6 13. O-O a5 14. Nd4 e5 15. Nb3 $1 (15. Nb5 c6 $1)
(15. Nc2 Nc6 $1) 15... a4 (15... Nc6 16. Bxc6 $1 bxc6 17. Nxa5 Bh3 18. Rfe1 Qf7
19. f3 e4 $1 (19... c5 20. Nb3 e4 21. Nd2 $16) 20. Nxc6 (20. f4 g5 $5 21. e3 c5
$44) 20... exf3 21. exf3 Qxf3 22. Ne7+ Kh8 23. Qxf3 Rxf3 24. Nd5 $16) 16. Nd2
Nc6 17. e3 Be6 18. b4 axb3 19. axb3 $14 Rxa1 20. Qxa1 $6 (20. Rxa1 Qf7 21. Ne4
$14) 20... Qd7 $1 21. Rc1 Bh3 (21... d5 $6 22. cxd5 Bxd5 23. Ne4 Qf7 (23... Qf5
24. Nf6+ $16) 24. Qb2 $16 Bxb3 $4 25. Ng5 $18) 22. Bh1 Qf5 23. Ne4 h5 $6 (23...
Bg4 $1 24. f4 $1 Qh5 $132) 24. Qb2 Nd8 25. Qd2 Nf7 26. c5 $16 dxc5 $1 27. Nxc5
Rd8 $1 28. Qe2 Ng5 $5 (28... b6 $5 29. Ne4 c5) 29. f4 $1 (29. Nxb7 $2 Bg4 $1
30. Qc4+ Kh8 31. Nxd8 (31. f4 Nh3+ 32. Kf1 exf4 33. gxf4 Rd2 $40) 31... Nh3+
32. Kf1 Qxf2#) 29... exf4 30. exf4 Ne6 $1 (30... b6 $6 31. Nb7) (30... Qf6 31.
fxg5 $2 (31. Qc4+ Nf7 (31... Ne6 32. Bd5) 32. Nxb7 $16) 31... Qd4+ 32. Qf2 Qd1+
33. Qe1 Qd4+ 34. Qf2 Qd1+ $10) 31. Nxe6 $2 (31. Nxb7 $5 Re8 (31... Rb8 32. Be4
$16) (31... Nd4 $2 32. Qc4+) 32. Bc6 Re7 33. Qe4 $16) 31... Qxe6 32. Qxe6+ Bxe6
33. Bxb7 (33. Rxc7 $4 Rd1+ $19) 33... Bxb3 34. Bf3 (34. Rxc7 Rd1+ 35. Kg2 Rd2+
36. Kh3 Be6+ 37. Kh4 Rxh2+ 38. Kg5 Rh3 $10) 34... h4 35. Rxc7 hxg3 36. hxg3 $14
Bd5 37. Be2 Be6 38. Re7 Bf7 39. Kf2 Kf8 40. Ra7 Be6 (40... g5 $5) 41. g4 Rd7
42. Ra6 Ke7 43. f5 $1 Bf7 44. g5 $1 Rd6 (44... Rd5 45. Ra7+ Kf8 46. Rxf7+ $18)
(44... Rd2 45. Ra7+ $1 Rd7 46. Ra4 $16) 45. Ra7+ Rd7 46. Ra4 Rc7 47. Kg3 Be8
48. Ra6 Bf7 49. Bg4 {/\f6 +-} Bd5 50. Bh5 Rc8 51. Ra7+ Kf8 52. Kf4 $16 Bb3 53.
Bg4 (53. Bg6 $5 Kg8 54. f6) 53... Rc4+ 54. Kg3 Ra4 55. Rc7 Bd5 56. Bh5 Rb4 57.
f6 gxf6 58. gxf6 Be6 $2 (58... Rb8 $16) 59. Re7 1-0

[Event "Olympiad-32"]
[Site "Yerevan"]
[Date "1996.09.26"]
[Round "10.4"]
[White "Dizdarevic, Emir"]
[Black "Bareev, Evgeny"]
[Result "1-0"]
[WhiteElo "2505"]
[BlackElo "2655"]
[Annotator "Shipov,S"]
[PlyCount "79"]
[EventDate "1996.09.15"]
[EventType "team-swiss"]
[EventRounds "14"]
[EventCountry "ARM"]
[SourceTitle "CBM 055"]
[Source "ChessBase"]
[SourceDate "1996.12.01"]
[SourceVersion "1"]
[SourceVersionDate "1996.12.01"]
[SourceQuality "1"]
[WhiteTeam "Bosnia&Herzegovina"]
[BlackTeam "Russia"]
[WhiteTeamCountry "BIH"]
[BlackTeamCountry "RUS"]

1. d4 d5 2. c4 e6 3. Nf3 Nf6 4. g3 Bb4+ 5. Bd2 Be7 6. Bg2 O-O 7. O-O c6 8. Qc2
b6 9. Bg5 Bb7 10. Nbd2 (10. Nc3 $5 Nbd7 11. e4 h6 (11... dxe4 $5 12. Ne5 $5)
12. Bxf6 Nxf6 13. Ne5 dxc4 14. Rad1 b5 15. f4 Qb6 16. Kh1 Rad8 17. Qf2 $44 {
Krasenkov,M-Chernin,A/Moscow/1991/1:0/30/}) 10... Nbd7 11. e4 dxe4 (11... c5 $5
12. exd5 exd5 13. Rad1 Rc8 14. Qf5 dxc4 15. Nxc4 cxd4 16. Rxd4 $10 {Krasenkov,
M-Kharitonov,A/RUS/1992/0.5/16/}) (11... h6 12. Bxf6 Nxf6 13. e5 Nd7 14. cxd5
cxd5 15. Rfc1 $14 {Adianto,U-Salov,V/Amsterdam/1996/0.5/48/}) 12. Nxe4 c5 13.
Nc3 (13. Nxf6+ Bxf6 14. Bxf6 Qxf6 15. Ng5 (15. d5 exd5 16. Nh4 Rad8 17. cxd5 g6
18. Rad1 Rfe8 $10 {Nogeiras,J-Tal,M/Montpellier/1985/0.5/25/}) 15... Qxg5 16.
Bxb7 Rad8 17. h4 Qg4 18. d5 exd5 19. Bxd5 $14 {Sorensen,T-Dizdar,G/Reykjavik/
1988/0.5/31/}) 13... Bxf3 $1 14. Bxf3 cxd4 15. Bxa8 Qxa8 $44 16. Bxf6 (16. Ne2
$2 d3 $1 17. Qxd3 Ne5 $19) 16... gxf6 17. Ne4 (17. Ne2 d3 (17... Ne5 $1 $36)
18. Qxd3 Ne5 19. Qe3 Bc5 20. Qf4 $13) 17... f5 18. Nd2 Rd8 19. f3 (19. f4 $2 d3
$1 20. Qxd3 Bc5+ $17) 19... Bc5 20. Kg2 Ne5 21. Kh3 $2 (21. Nb3 $1 $13) 21...
d3 22. Qc3 Bd4 23. Qa3 Qb7 24. Rae1 a5 $1 $17 25. Qb3 Qc6 26. Kg2 a4 27. Qb4
Ng4 28. Kh3 h5 $1 (28... Ne3 $2 29. Qe7 $1 Rd7 30. Qg5+ $18) 29. Qa3 (29. fxg4
$2 hxg4+ 30. Kh4 Kg7 $19) 29... Rd7 30. b4 axb3 (30... Ne3 31. Qxd3 $1 $13) 31.
Qxb3 (31. axb3 Ne3 32. Rh1 Nc2 $17) 31... Bc5 32. Qc3 Ne3 33. Rh1 Nc2 34. Rb1
Be3 35. Rhf1 Bh6 36. a4 Ne3 37. Rf2 Ng4 38. Rff1 Bg7 39. Qb4 Ne3 40. Rf2 $138 (
40. Rf2 Bd4 41. Nb3 Nxc4 $19) 1-0

[Event "Olympiad-32"]
[Site "Yerevan"]
[Date "1996.09.27"]
[Round "11.3"]
[White "Ilincic, Zlatko"]
[Black "Dizdar, Goran"]
[Result "0-1"]
[WhiteElo "2520"]
[BlackElo "2535"]
[Annotator "Shipov,S"]
[PlyCount "64"]
[EventDate "1996.09.15"]
[EventType "team-swiss"]
[EventRounds "14"]
[EventCountry "ARM"]
[SourceTitle "CBM 055"]
[Source "ChessBase"]
[SourceDate "1996.12.01"]
[SourceVersion "1"]
[SourceVersionDate "1996.12.01"]
[SourceQuality "1"]
[WhiteTeam "Yugoslavia"]
[BlackTeam "Croatia"]
[WhiteTeamCountry "YUG"]
[BlackTeamCountry "CRO"]

1. d4 Nf6 2. c4 e6 3. Nf3 Bb4+ 4. Bd2 c5 5. Bxb4 cxb4 6. g3 O-O 7. Bg2 d6 8.
O-O Nc6 9. Qd3 (9. d5) (9. Nbd2) (9. a3 $1) 9... e5 10. Nbd2 Bg4 (10... Re8 11.
e4 Bg4 12. h3 (12. Rfe1 Qb6 13. h3 Bxf3 14. Nxf3 exd4 $1 15. Rad1 Nd7 16. Nxd4
Nde5 17. Qd2 Nxc4 18. Qe2 Nxd4 (18... N4e5 $2 19. Nf5) 19. Qxc4 Ne6 20. Rd5 $44
{Lukacs,P-Fauland,A/Oberwart/1989/1:0/28/}) 12... Bxf3 13. Nxf3 Qb6 14. Rfd1
Rac8 15. Rac1 Qa6 16. Qb1 Qb6 17. Qd3 Qa5 $10 {Schlosser,P-Fauland,A/Budapest/
1990/0:1/42/}) 11. e4 $6 (11. h3 $5 {/\ /} Bxf3 12. Bxf3 Nxd4 13. Bxb7 Rb8 14.
Bg2 $14) 11... Nd7 $1 $15 {>< c5,d4/} 12. Rfc1 (12. a3 $5) (12. h3 $5 Bxf3 13.
Nxf3 Qb6 14. Rfd1) 12... Qf6 (12... Qb6 13. c5 $1 dxc5 14. Nc4 Qc7 15. d5 Nd4
16. Nxd4 exd4 (16... cxd4 $2 17. Ne3) 17. h3 Bh5 18. d6 $44) 13. d5 Ncb8 14. a3
$6 (14. Ne1 $5) 14... Bxf3 $1 (14... Na6 15. Ne1 $1 {/\ Nc2/}) 15. Nxf3 Na6 16.
Qe3 (16. Qd2 Ndc5) 16... Ndc5 17. Ne1 Qd8 18. Nc2 Qb6 19. Rab1 (19. axb4 Nxb4
20. Nxb4 Qxb4 21. Qa3 a5 $1 $17) 19... f5 $1 $17 20. exf5 Rxf5 21. b3 Raf8 22.
Rf1 R5f6 23. Qd2 $2 (23. axb4 Nxb4 24. Qd2 $17) 23... bxa3 $1 24. b4 (24. Nxa3
Nxb3 25. Qa2 Nac5 $19) 24... a2 $1 25. Rb2 Nd3 $1 26. Qxd3 Rxf2 27. Kh1 (27.
Rxf2 Qxf2+ 28. Kh1 a1=Q+ $19) 27... Rxf1+ 28. Bxf1 Nxb4 $1 29. Rxb4 (29. Qe2
Nxc2) 29... Qxb4 30. Nxb4 a1=Q $19 31. Kg2 Qe1 32. Nc2 Qf2+ 0-1

[Event "Jakarta m"]
[Site "Jakarta"]
[Date "1996.??.??"]
[Round "4"]
[White "Adianto, Utut"]
[Black "Short, Nigel D"]
[Result "1/2-1/2"]
[WhiteElo "2610"]
[BlackElo "2655"]
[Annotator "Short,N"]
[PlyCount "53"]
[EventDate "1996.??.??"]
[EventType "match"]
[EventRounds "6"]
[EventCountry "INA"]
[SourceTitle "CBM 051"]
[Source "ChessBase"]
[SourceDate "1996.04.01"]
[SourceVersion "1"]
[SourceVersionDate "1996.04.01"]
[SourceQuality "1"]

1. d4 Nf6 2. c4 e6 3. Nf3 d5 4. g3 Bb4+ 5. Bd2 a5 6. Qc2 c5 $5 7. Bxb4 axb4 {
utut had only considered} (7... cxb4 8. Nbd2 {when Black faces problems.}) 8.
dxc5 Nc6 $6 (8... Qa5 $1 9. Nbd2 {Not} (9. cxd5 $2 b3+ 10. Qd2 Qxa2) 9... Qxc5)
9. Bg2 $6 (9. Nbd2 $142) 9... Ra5 $1 10. cxd5 Qxd5 11. O-O Rxc5 12. Qd2 O-O $10
13. Qxd5 exd5 14. Nbd2 Rc2 15. Rab1 Bf5 {Black's activity compensates for the
weak pawns.} 16. Rfc1 Ra8 17. Rxc2 Bxc2 18. Rc1 Ba4 19. e3 Bb5 20. Nb3 $2 {
A misguided attempt sacrifice. 20.Ra1 was correct.} Rxa2 21. Nbd4 Ba6 22. Ne5
g6 $2 (22... Rxb2 $2 23. Ndxc6 bxc6 24. Ra1 $1) (22... Kf8 $1 23. Ndxc6 bxc6
24. h3 Bb5 25. b3 Rb2 $17) 23. Nexc6 bxc6 24. h3 Bb7 25. Nxc6 Bxc6 26. Rxc6 Ne4
27. Bxe4 1/2-1/2

[Event "Moscow FIDE GP"]
[Site "Moscow"]
[Date "2017.05.20"]
[Round "8"]
[White "Ding, Liren"]
[Black "Giri, Anish"]
[Result "1/2-1/2"]
[WhiteElo "2773"]
[BlackElo "2785"]
[Annotator "Silver,A"]
[PlyCount "55"]
[EventDate "2017.05.12"]
[EventType "swiss"]
[EventRounds "9"]
[EventCountry "RUS"]
[SourceTitle "CBM 179"]
[Source "ChessBase"]
[SourceDate "2017.07.12"]
[SourceVersion "1"]
[SourceVersionDate "2017.07.12"]
[SourceQuality "1"]

1. Nf3 d5 2. d4 Nf6 3. c4 e6 4. g3 Bb4+ 5. Bd2 Be7 6. Bg2 O-O 7. O-O Nbd7 8.
Qc2 c6 9. Rd1 b6 10. b3 a5 11. Bc3 Ne4 (11... Bb7 12. Nbd2 Qc7 13. Rac1 c5 14.
Bb2 dxc4 15. Nxc4 b5 16. Nce5 Nxe5 17. Nxe5 Bxg2 18. Kxg2 {0-1 (55) Inarkiev,E
(2727)-Jakovenko,D (2718) Poikovsky 2017}) 12. Ne5 Nxe5 13. Bxe4 f5 14. Bxd5
$146 (14. Bg2 Nf7 15. Nd2 Ba6 16. e3 Qd7 17. a4 Rac8 18. Qb2 {1-0 (90) Mesaros,
F (2373)-Martinovic,S (2550) Germany 2017}) 14... exd5 15. dxe5 f4 $1 16. cxd5
cxd5 17. Bd4 Ba6 $1 18. Qc6 Bxe2 19. Re1 ({The tempting looking} 19. Bxb6 $2 {
would be a serious mistake after} Qc8 $1 20. Qxc8 Rfxc8 {and suddenly the
white rook has nowhere to go. Ex:} 21. Re1 Bb4 22. Rxe2 f3 $1 {and White will
lose material to protect against the back rank mate threats.}) 19... Qc8 20.
Qxd5+ Kh8 21. Nc3 ({Neither} 21. Bxb6 $2 Ra6 $19) ({nor} 21. Rxe2 $2 Qc1+ 22.
Kg2 f3+ 23. Qxf3 Rxf3) 21... Ba6 22. e6 Rd8 $1 23. Qe4 Bb7 $1 {Both players
had calculated the final sequence well before making for a swift, though
spectacular pas-de-deux.} 24. Qxf4 Qc6 25. Bxg7+ $1 Kxg7 26. Qf7+ $1 Kh8 27.
Ne4 Qe8 28. Ng5 $1 1/2-1/2